| 000 | 00763nam a2200229Ia 4500 | ||
|---|---|---|---|
| 008 | 191130s2007##################000#0#eng## | ||
| 020 | _a9780486461403 | ||
| 022 | _a2007023382 | ||
| 040 |
_aACL _cACL |
||
| 082 | _a729.0944 ROU | ||
| 245 |
_aFrench architectural ornament from Versailles, Fontainebleau and other palaces _cedited by Eugène Rouyer |
||
| 250 | _aDover ed | ||
| 260 |
_aMineola, NY _bDover Publications _c2007 |
||
| 300 | _a[91] p. of plates : all ill. (some col.) ; 28 cm | ||
| 650 | _aDecoration and ornament, Architectural - France | ||
| 650 | _aMural painting and decoration, French | ||
| 700 | _aGélis-Didot, P | ||
| 700 | _aRouyer, Eugène | ||
| 990 | _a782ebab6ac10000c657dfdabb7df8c16 | ||
| 991 | _a317925 | ||
| 999 |
_c188450 _d188450 |
||